Resíduos sólidos e a atual política ambiental Brasileira

Uloženo v:
Podrobná bibliografie
Hlavní autoři: Tédde Santaella, Sandra (Autor), Ramos de Matos Brito, Ana Emiília (Autor), Pereira da Costa, Francisco de Assis (Autor), Martinuzzi, Castilho, Natalia (Autor), Paganini de Mio, Geisa (Autor), Ferreira Filho, Edward (Autor), Carrhá Leitão, Renato (Autor), Mota Salek, Jaciara (Autor)
Médium: Kniha
Jazyk:portugalština
Vydáno: Fortaleza Labomar 2014
Fortaleza Núcleo de Audiovisual e Multimeios 2014
Vydání:1a. ed
Edice:Coleςão Habitat, 7
Témata:
Tagy: Přidat tag
Žádné tagy, Buďte první, kdo vytvoří štítek k tomuto záznamu!

MARC

LEADER 00000cam a2200000 a 4500
001 UCE6489
003 CL-VaPUC
008 150416e20140000bl |||||||||||||||||por|d
020 |a 9788542003260 
082 0 4 |a 628.44  |b TED  |2 21 
100 0 |a Tédde Santaella, Sandra  |e author  |9 579157 
700 0 |a Ramos de Matos Brito, Ana Emiília  |e author  |9 579158 
700 0 |a Pereira da Costa, Francisco de Assis  |e author  |9 579159 
700 0 |a Martinuzzi, Castilho, Natalia  |e author  |9 579160 
700 0 |a Paganini de Mio, Geisa  |e author  |9 579161 
700 0 |a Ferreira Filho, Edward  |e author  |9 579162 
700 0 |a Carrhá Leitão, Renato  |e author  |9 579163 
700 0 |a Mota Salek, Jaciara  |e author  |9 579164 
245 1 0 |a Resíduos sólidos e a atual política ambiental Brasileira 
250 |a 1a. ed 
300 |a 231 p 
942 |c BK 
945 |d 20150416 10:41:00  |a arojas 
260 |a Fortaleza  |b Labomar  |c 2014 
260 |a Fortaleza  |b Núcleo de Audiovisual e Multimeios  |c 2014 
650 0 |a Saneamiento ambiental  |9 311905 
650 0 |a Residuos sólidos   |9 367336 
650 0 |a Política ambiental  |9 262970 
583 |a last modification  |c 20150416 10:41:00  |k Rodrigo Vera 
490 0 |a Coleςão Habitat, 7 
999 |c 358815  |d 358813 
952 |0 0  |1 0  |3 erb  |4 0  |6 628_440000000000000_TED_2014_2014  |7 0  |8 CCM  |9 467716  |a BIBCUR  |b BIBCUR  |i 5145600  |o 628.44 TED 2014 2014  |p 5145600  |r 2025-04-22  |w 2019-11-23  |y BK  |z Catalogado en:20150416  |k CIM